La cuerda tensa : apuntes sobre la democracia en México, 1990-2005 /

Збережено в:
Бібліографічні деталі
Автор: González Pedrero, Enrique (autor)
Формат: Книга
Мова:Іспанська
Опубліковано: México : Fondo de Cultura Económica, 2006, c2006
Серія:(Colección Popular ; 672)
Предмети:
Теги: Додати тег
Немає тегів, Будьте першим, хто поставить тег для цього запису!

MARC

LEADER 00000nam^a2200000^a^4500
001 000192635
005 20250521000000.0
009 20260310102615.295
020 |a 968-16-7974-1 
037 |a Acervo ITESO - Biblioteca 
041 |a ESP 
082 |a 320. 97206  |b GON 
100 |a González Pedrero, Enrique  |e (autor) 
245 1 3 |a La cuerda tensa :  |b apuntes sobre la democracia en México, 1990-2005 /  |c E. González Pedrero. 
264 4 |a México :  |b Fondo de Cultura Económica,  |c 2006, c2006 
300 |a 311 p. 
336 |a texto  |b txt  |2 rdacontenido 
337 |a sin mediación  |b n  |2 rdamedio 
338 |a volumen  |b nc  |2 rdasoporte 
440 1 |a (Colección Popular ;  |v 672) 
649 |a XX 
650 |a Sociedad Civil -  |z México 
650 |a Elecciones -  |z México 
650 |a Partidos Políticos -  |z México 
650 |a Globalización -  |z México 
650 |a Centralización y Descentralización -  |z México 
650 |a Legitimidad e Ilegitimidad -  |z México 
650 |a Gobernabilidad -  |z México 
650 |a Estado de Derecho -  |z México 
650 |a Transición Política -  |z México 
650 |a Soberanía -  |z México 
650 |a Reforma Política -  |z México 
650 |a Democracia -  |z México -  |x Tema Principal 
650 |a Sistema Político -  |z México 
650 |a Política -  |z México -  |x Historia -  |y 1990-1999 
650 |a Política -  |z México -  |x Historia -  |y 2000-2006 
650 |a Política -  |z México -  |x Historia -  |y Siglo XX 
650 |a Política -  |z México -  |x Historia -  |y Siglo XXI 
650 |a México -  |x Condiciones Políticas 
910 |a Fondo General 
920 |a Impresos - Libros 
930 |a Colección General 
905 |a 101 
901 |a 0500136738  |b IT1  |c ACC  |u 20250521 
902 |a https://opac.biblio.iteso.mx/vufind/Record/000192635